Statistics for Felix the Cat Franchise

Click here to take the quiz!

General Stats

  • This quiz has been taken 2 times
  • The average score is 15 of 188

Answer Stats

Type Year Name Info % Correct
Film1988Felix the Cat: The MovieNew World Pictures
100%
TV Show1959-1962Felix the CatSyndication
100%
Short Film1919Feline FolliesParamount
50%
Short Film1927No Fuelin'Educational Pictures
50%
Short Film1923Felix Strikes It RichMargaret J. Winkler
50%
Short Film1923Felix in HollywoodMargaret J. Winkler
50%
Short Film1924Felix Finds OutMargaret J. Winkler
50%
Short Film1924Felix Pinches the PoleMargaret J. Winkler
50%
Short Film1924Felix Goes HungryMargaret J. Winkler
50%
Short Film1925Felix All PuzzledMargaret J. Winkler
50%
Short Film1925Felix Dopes It OutMargaret J. Winkler
50%
Short Film1926Two-Lip TimeEducational Pictures
50%
Short Film1928JapanickyEducational Pictures
50%
Short Film1927Whys and Other WhysEducational Pictures
50%
Short Film1922Felix Turns the TideMargaret J. Winkler
50%
Short Film1928FuturitzyEducational Pictures
50%
Short Film1930April MazeCopley Pictures
50%
Short Film1930Felix Woos WhoopeeCopley Pictures
50%
Short Film1936The Goose That Laid the Golden EggRKO Radio Pictures
50%
Short Film1936Neptune NonsenseRKO Radio Pictures
50%
Short Film1936Bold King ColeRKO Radio Pictures
50%
TV Show1995-1997The Twisted Tales of Felix the CatCBS
50%
TV Show2000-2001Baby FelixNHK
50%
Short Film1923Felix RevoltsMargaret J. Winkler
50%
Film2004Felix the Cat Saves ChristmasGood Times
50%
Short Film1919The Adventures of FelixParamount
50%
Short Film1922Felix Saves the DayMargaret J. Winkler
0%
Short Film1927Felix the Cat Ducks His DutyEducational Pictures
0%
Short Film1927Felix the Cat Stars in StripesEducational Pictures
0%
Short Film1927Felix the Cat Sees 'Em in SeasonEducational Pictures
0%
Short Film1927Barn YarnsEducational Pictures
0%
Short Film1927Germ ManiaEducational Pictures
0%
Short Film1927Sax AppealEducational Pictures
0%
Short Film1927Eye JinksEducational Pictures
0%
Short Film1927RoameoEducational Pictures
0%
Short Film1927Dough-NuttyEducational Pictures
0%
Short Film1927PedigreedyEducational Pictures
0%
Short Film1927'Loco' MotiveEducational Pictures
0%
Short Film1927Art for Heart's SakeEducational Pictures
0%
Short Film1927The Travel-HogEducational Pictures
0%
Short Film1927Jack From All TradesEducational Pictures
0%
Short Film1927The Non-Stop FrightEducational Pictures
0%
Short Film1927Wise GuiseEducational Pictures
0%
Short Film1927Flim Flam FilmsEducational Pictures
0%
Short Film1927Icy EyesEducational Pictures
0%
Short Film1927Felix the Cat Dines and PinesEducational Pictures
0%
Short Film1920My HeroParamount
0%
Short Film1920Felix the LandlordParamount
0%
Short Film1926A Tale of Two KittiesEducational Pictures
0%
Short Film1926Felix the Cat Scoots Through ScotlandEducational Pictures
0%
Short Film1926Felix the Cat Rings the RingerEducational Pictures
0%
Short Film1926School DazeEducational Pictures
0%
Short Film1926Felix the Cat Seeks SolitudeEducational Pictures
0%
Short Film1926Felix the Cat Misses His SwissEducational Pictures
0%
Short Film1926Gym GemsEducational Pictures
0%
Short Film1926Scrambled YeggsEducational Pictures
0%
Short Film1926Zoo LogicEducational Pictures
0%
Short Film1926Felix the Cat Shatters the SheikEducational Pictures
0%
Short Film1926Felix the Cat Hunts the HunterEducational Pictures
0%
Short Film1926Land O' FancyEducational Pictures
0%
Short Film1926Felix the Cat Bursts a BubbleEducational Pictures
0%
Short Film1926Reverse EnglishEducational Pictures
0%
Short Film1926Felix the Cat Trumps the AceEducational Pictures
0%
Short Film1926Felix the Cat Collars the ButtonEducational Pictures
0%
Short Film1927Felix the Cat Switches WitchesEducational Pictures
0%
Short Film1927Daze and KnightsEducational Pictures
0%
Short Film1926Felix the Cat Misses the CueEducational Pictures
0%
Short Film1930OceanticsCopley Pictures
0%
Short Film1929One Good TurnCopley Pictures
0%
Short Film1929RomeeowCopley Pictures
0%
Short Film1929The Cat's MeowCopley Pictures
0%
Short Film1920The Great Cheese RobberyParamount
0%
Short Film1920A Hungry HoodooParamount
0%
Short Film1930Forty WinksCopley Pictures
0%
Short Film1930Hootchy Kootchy Parlais VousCopley Pictures
0%
Short Film1930Skulls and ScullsCopley Pictures
0%
Short Film1928The Last LifeEducational Pictures
0%
Short Film1930Tee TimeCopley Pictures
0%
Short Film1920Foxy FelixParamount
0%
Short Film1920Felix the Pinch HitterParamount
0%
Short Film1920Felix the Food ControllerParamount
0%
Short Film1920Wrecking a RomeoParamount
0%
Short Film1920Felix the Big Game HunterParamount
0%
Short Film1920A Frolic with FelixParamount
0%
Short Film1929False VasesCopley Pictures
0%
Short Film1928Jungle BunglesEducational Pictures
0%
Short Film1927Uncle Tom's Crabbin'Educational Pictures
0%
Short Film1920Nifty NurseParamount
0%
Short Film1920The CircusParamount
0%
Short Film1927Felix the Cat Hits the DeckEducational Pictures
0%
Short Film1927Felix the Cat Behind in FrontEducational Pictures
0%
Short Film1928The Smoke ScreamEducational Pictures
0%
Short Film1928Draggin' th' DragonEducational Pictures
0%
Short Film1928The Oily BirdEducational Pictures
0%
Short Film1928Ohm Sweet OhmEducational Pictures
0%
Short Film1928Polly-ticsEducational Pictures
0%
Short Film1928AstronomeowsEducational Pictures
0%
Short Film1928ComicalamitiesEducational Pictures
0%
Short Film1928Felix the Cat in Sure-Looked HomesEducational Pictures
0%
Short Film1928EskimotiveEducational Pictures
0%
Short Film1928ArabianticsEducational Pictures
0%
Short Film1928In and Out-LawsEducational Pictures
0%
Short Film1928Outdoor IndoreEducational Pictures
0%
Short Film1920Felix and the Feed BagParamount
0%
Short Film1926Felix the Cat Braves the BrinyEducational Pictures
0%
Short Film1926Felix the Cat Uses His HeadEducational Pictures
0%
Short Film1922Felix at the FairMargaret J. Winkler
0%
Short Film1923Felix Fills a ShortageMargaret J. Winkler
0%
Short Film1923Felix the Globe TrotterMargaret J. Winkler
0%
Short Film1923Felix Gets BroadcastedMargaret J. Winkler
0%
Short Film1921Felix Out of LuckParamount
0%
Short Film1921Felix Goes on StrikeParamount
0%
Short Film1923Felix in FairylandMargaret J. Winkler
0%
Short Film1923Felix Laughs LastMargaret J. Winkler
0%
Short Film1923Felix and the RadioMargaret J. Winkler
0%
Short Film1923Felix the Goat-GetterMargaret J. Winkler
0%
Short Film1921The Love PunchParamount
0%
Short Film1923Felix Goes-A-HuntingMargaret J. Winkler
0%
Short Film1924Felix Loses OutMargaret J. Winkler
0%
Short Film1924Felix 'Hyps' the HippoMargaret J. Winkler
0%
Short Film1924Felix Crosses the CrooksMargaret J. Winkler
0%
Short Film1924Felix Tries to RestMargaret J. Winkler
0%
Short Film1924Felix Doubles for DarwinMargaret J. Winkler
0%
Short Film1921Free LunchParamount
0%
Short Film1923Felix Calms His ConscienceMargaret J. Winkler
0%
Short Film1923Felix Tries for TreasureMargaret J. Winkler
0%
Short Film1924Felix Fairy TalesMargaret J. Winkler
0%
Short Film1922Felix Minds the KidMargaret J. Winkler
0%
Short Film1922Felix Makes GoodMargaret J. Winkler
0%
Short Film1922Felix All the SeaMargaret J. Winkler
0%
Short Film1922Felix in LoveMargaret J. Winkler
0%
Short Film1922Felix in the SwimMargaret J. Winkler
0%
Short Film1922Felix Finds a WayMargaret J. Winkler
0%
Short Film1922Felix Gets RevengeMargaret J. Winkler
0%
Short Film1922Felix Wakes UpMargaret J. Winkler
0%
Short Film1921Felix Left at HomeParamount
0%
Short Film1923Felix Win's OutMargaret J. Winkler
0%
Short Film1922Felix Fifty-FiftyMargaret J. Winkler
0%
Short Film1922Felix Comes BackMargaret J. Winkler
0%
Short Film1922Felix on the TrailMargaret J. Winkler
0%
Short Film1922Felix Lends a HandMargaret J. Winkler
0%
Short Film1922Felix Gets LeftMargaret J. Winkler
0%
Short Film1922Felix in the Bone AgeMargaret J. Winkler
0%
Short Film1923Felix the Ghost BreakerMargaret J. Winkler
0%
Short Film1924Felix Cashes InMargaret J. Winkler
0%
Short Film1921Felix the HypnotistParamount
0%
Short Film1926Felix the Cat Weathers the WeatherEducational Pictures
0%
Short Film1925Felix the Cats in Eat are WestEducational Pictures
0%
Short Film1925The Cat and the KitMazda Lamps (Commercial)
0%
Short Film1925Felix the Cat Trifles with TimeEducational Pictures
0%
Short Film1925Felix the Cat Busts into BusinessEducational Pictures
0%
Short Film1925Felix the Cat Trips thru ToylandEducational Pictures
0%
Short Film1925Felix the Cat on the FarmEducational Pictures
0%
Short Film1919The Musical MewsParamount
0%
Short Film1925Felix the Cat in the Cold RushEducational Pictures
0%
Short Film1925Felix the Cat Tries the TradesEducational Pictures
0%
Short Film1925Felix Gets the CanMargaret J. Winkler
0%
Short Film1925Felix the Cat at the Rainbow's EndEducational Pictures
0%
Short Film1925Felix the Cat Kept on WalkingEducational Pictures
0%
Short Film1926Felix the Cat Spots the SpookEducational Pictures
0%
Short Film1926Felix the Cat Flirts with FateEducational Pictures
0%
Short Film1926Felix the Cat in BlunderlandEducational Pictures
0%
Short Film1926Felix the Cat Fans the FlamesEducational Pictures
0%
Short Film1926Felix the Cat Laughs It OffEducational Pictures
0%
Short Film1920Felix's Fish StoryParamount
0%
Short Film1925Felix Cops the PrizeMargaret J. Winkler
0%
Short Film1924Felix Puts It OverMargaret J. Winkler
0%
Short Film1924Felix Grabs His GrubMargaret J. Winkler
0%
Short Film1924A Friend in NeedMargaret J. Winkler
0%
Short Film1924Felix Finds 'Em FickleMargaret J. Winkler
0%
Short Film1924Felix Baffled by BanjosMargaret J. Winkler
0%
Short Film1924Felix All Balled UpMargaret J. Winkler
0%
Short Film1924Felix Brings Home the BaconMargaret J. Winkler
0%
Short Film1924Felix Goes WestMargaret J. Winkler
0%
Short Film1924Felix Minds His BusinessMargaret J. Winkler
0%
Short Film1921Down on the FarmParamount
0%
Short Film1925Felix Monkeys with MagicMargaret J. Winkler
0%
Short Film1924Felix Finishes FirstMargaret J. Winkler
0%
Short Film1925Felix Wins and LosesMargaret J. Winkler
0%
Short Film1921Felix the Gray DogParamount
0%
Short Film1925Felix Follows the SwallowsMargaret J. Winkler
0%
Short Film1925Felix Rests in PeaceMargaret J. Winkler
0%
Short Film1925Felix Gets His FillMargaret J. Winkler
0%
Short Film1925Felix Full O' FightMargaret J. Winkler
0%
Short Film1925Felix Outwits CupidMargaret J. Winkler
0%
Short Film1925Felix the Cat on the JobEducational Pictures
0%

Score Distribution

Percentile by Number Answered

Percent of People with Each Score

Your Score History

You have not taken this quiz